G animals - Statistics

General Stats
  • This quiz has been taken 60 times
  • The average score is 10 of 13
Answer Stats
Picture Answer % Correct
Giraffe
100%
Goat
98%
Goldfish
98%
Gorilla
96%
Gecko
88%
Giant panda
86%
German shepherd
82%
Goose
80%
Gazelle
69%
Golden retriever
69%
Gerbil
59%
Gnat
45%
Gopher
39%
No matching quizzes found
Score Distribution
Percent of People with Each Score
Percentile by Number Answered
Your Score History
You have not taken this quiz